Sobre el estatuto lingüístico de las lenguas especiales
Gespeichert in:
| 1. Verfasser: | |
|---|---|
| Weitere Verfasser: | |
| Format: | Buchkapitel |
| Sprache: | Spanisch |
| Tags: |
Keine Tags, Fügen Sie das erste Tag hinzu!
|
MARC
| LEADER | 00000naa$a2200000$$$4500 | ||
|---|---|---|---|
| 001 | 0064000 | ||
| 005 | 20240502071739.6 | ||
| 041 | 0 | |a spa | |
| 044 | |a SK | ||
| 245 | 1 | 0 | |a Sobre el estatuto lingüístico de las lenguas especiales |c Ladislav Trup, Eva Tallová |
| 100 | 1 | |a Trup, Ladislav | |
| 700 | 1 | |a Tallová, Eva | |